Emerging Asian fixed income markets

Αποθηκεύτηκε σε:
Λεπτομέρειες βιβλιογραφικής εγγραφής
Κύριος συγγραφέας: Banks, Erik
Μορφή: Βιβλίο
Έκδοση: Macmillan 1994
Ετικέτες: Προσθήκη ετικέτας
Δεν υπάρχουν, Καταχωρήστε ετικέτα πρώτοι!
Thư viện lưu trữ: Mạng thư viện Đại học Đà Nẵng
LEADER 00514nam a2200217 a 4500
001 000029418
003 9286
005 20171030145630.0
008 171030s1994
040 |a LTT 
082 0 |a 332.04  |b BA-E 
100 1 |a Banks, Erik 
245 0 0 |a Emerging Asian fixed income markets  |c Erik Banks. 
260 |b Macmillan  |c 1994 
OWN |a LTT 
999 |a From the UDN01 
TYP |a Monograph 
TYP |a Printed language 
980 |a Mạng thư viện Đại học Đà Nẵng